Manual de traumatología / (Record no. 127543)

MARC details
000 -LEADER
campo de control de longitud fija 00553nam a2200181 4500
001 - NÚMERO DE CONTROL
campo de control 127543
003 - IDENTIFICADOR DE NÚMERO DE CONTROL
campo de control ES-MaACL
005 - FECHA Y HORA DE LA ÚLTIMA TRANSACCIÓN
campo de control 20230906193031.0
007 - CAMPO FIJO DE DESCRIPCIÓN FÍSICA--INFORMACIÓN GENERAL
campo de control de longitud fija t|
008 - DATOS DE LONGITUD FIJA--INFORMACIÓN GENERAL
campo de control de longitud fija 070214s1974 sp r ||||1| spa d
100 1# - ENTRADA PRINCIPAL--NOMBRE DE PERSONA
Nombre de persona Rieunau, Georges.
9 (RLIN) 97172
245 10 - MENCIÓN DEL TÍTULO
Título Manual de traumatología /
Mención de responsabilidad, etc. por Georges Rieunau ; versión de Enrique Martínez Alba.
250 ## - MENCION DE EDICION
Mención de edición 3ª. ed.
260 ## - PUBLICACIÓN, DISTRIBUCIÓN, ETC.
Lugar de publicación, distribución, etc. Barcelona :
Nombre del editor, distribuidor, etc. Toray Masson,
Fecha de publicación, distribución, etc. 1974.
300 ## - DESCRIPCIÓN FÍSICA
Extensión X, 357 p. :
Otras características físicas il. ;
Dimensiones 24 cm.
700 1# - ENTRADA AGREGADA--NOMBRE PERSONAL
Nombre de persona Martínez Alba, Enrique.
9 (RLIN) 77828
852 ## - LOCALIZACIÓN
Ubicación ES-MaACL
Número de control de estantería C-41863
Sublocalización o colección R.100183
Holdings
Estatus retirado Estado de pérdida Estado de daño No para préstamo Biblioteca de origen Biblioteca actual Ubicación en estantería Fecha de adquisición Fuente de adquisición Total de préstamos Signatura topográfica completa Código de barras Visto por última vez Precio de reemplazo Tipo de ítem Koha
        Biblioteca del Ateneo de Madrid Biblioteca del Ateneo de Madrid Depósito 2 17/01/2008     C-41863 1132842 23/02/2023 23/02/2023 Libro impreso